|
|
|
|
| LEADER |
00000cas a2200000 a 4500 |
| 001 |
vtls010297441 |
| 003 |
SK-MaSNL |
| 005 |
20260228162403.0 |
| 008 |
200401d19021920rb mr|p| 0 b0slo |
| 040 |
|
|
|a SNK
|b slo
|c SNK
|e AACR2
|
| 041 |
0 |
|
|a slo
|
| 043 |
|
|
|a e-rb---
|
| 044 |
|
|
|a yu
|a xo
|c RS
|c SK
|
| 072 |
|
7 |
|a 394
|x Verejný a spoločenský život. Každodenný život
|2 konspekt
|
| 072 |
|
7 |
|a 32
|x Politika
|2 konspekt
|
| 080 |
|
|
|a 316.728
|2 2001
|
| 080 |
|
|
|a 32
|2 2001
|
| 080 |
|
|
|a 050
|2 2001
|
| 080 |
|
|
|a 008
|2 2001
|
| 080 |
|
|
|a (497.11)
|2 2001
|
| 080 |
|
|
|a (=162.4)
|2 2001
|
| 245 |
0 |
0 |
|a Dolnozemský Slovák
|b politicko-spoločenský mesačník
|
| 260 |
|
|
|a Novy Sad
|b Miloš Krno
|c 1902-1920
|
| 260 |
3 |
|
|3 1909-1914
|a Nový Sad
|b Ľudovít Mičátek
|
| 300 |
|
|
|a 12 zv.
|c 29 cm
|
| 310 |
|
|
|a 1x mesačne
|
| 362 |
0 |
|
|a Roč. I, č. 1 (15.10.1902)-roč. XV, č. 1-2 (15.01.1920)
|
| 500 |
|
|
|a Zodp. red.: 1902-1920, Ľudovít Mičátek
|
| 500 |
|
|
|a Maj. a vyd. dr. Miloš Krno, od r. 1909 maj. a vyd. dr. Ľudovít Mičátek
|
| 500 |
|
|
|a Tlač. Šimon Roháček v Modre
|
| 500 |
|
|
|a Od r. 1996 bolo obnovené vydávanie časopisu s rovnakým názvom a pokračovaním ročníkovania
|
| 650 |
0 |
7 |
|a verejný a spoločenský život
|2 SNKPH
|9 265569
|
| 650 |
0 |
7 |
|a politika
|2 SNKPH
|9 968
|
| 650 |
0 |
7 |
|a kultúra
|2 SNKPH
|9 886
|
| 650 |
0 |
7 |
|a Slováci v zahraničí
|2 SNKPH
|9 14695
|
| 651 |
|
7 |
|a Srbsko
|2 SNKPH
|9 31535
|
| 655 |
|
7 |
|a spoločenské časopisy
|2 SNKPH
|9 70515
|
| 655 |
|
7 |
|a krajanské periodiká
|2 SNKPH
|9 110004
|
| 700 |
1 |
|
|a Mičátek, Ľudovít Miloš,
|d 1874-1928
|4 pbd
|9 199296
|
| 785 |
0 |
0 |
|t Dolnozemský Slovák
|x 1454-5489
|w vtls008881513
|
| 910 |
|
|
|a snk
|
| 910 |
|
|
|a snmk
|
| 916 |
|
|
|a 1903/1904-1913, 1918-1920
|
| 999 |
|
|
|c 7802
|d 9732
|
| 952 |
|
|
|0 0
|1 0
|4 0
|7 0
|8 5
|a SNK
|b SNK
|d 1997-01-28
|f 1
|i snkXI. 3852/55
|l 0
|o snkČSB 69/5/1907
|p 17A0034036
|r 2005-01-01 00:00:00
|t č. 1-12, neúplné
|w 2026-02-21
|y PREZ
|z ch. č. 1, 3, 6, 12
|
| 952 |
|
|
|0 0
|1 0
|4 0
|7 0
|8 5
|a SNK
|b SNK
|d 2002-11-22
|f 1
|i snkXI. 3849/55
|l 0
|o snkČSB 69/9/1911
|p 17A0364017
|r 2005-01-02 00:00:00
|t č. 1-12
|w 2026-02-21
|y PREZ
|
| 952 |
|
|
|0 0
|1 0
|4 0
|7 0
|8 3
|a SNK
|b SNK
|d 2014-12-10
|f 1
|i snkK 2650/64
|l 0
|o snkČSB 69/11/1913
|p 17A0870700
|r 2026-02-21 20:20:59
|t č. 1-12, neúplné
|w 2026-02-21
|y PREZ
|z chýba č. 12
|
| 952 |
|
|
|0 0
|1 0
|4 0
|7 0
|8 5
|a SNK
|b SNK
|d 2000-10-05
|f 1
|i snkXI. 3853/55
|l 0
|o snkČSB 69/2/1903-4
|p 17A0254042
|r 2005-01-02 00:00:00
|t č. 1-15, neúplné
|w 2026-02-21
|y PREZ
|z chýba č. 12
|
| 952 |
|
|
|0 0
|1 0
|4 0
|7 0
|a SNK
|b SNK
|d 2002-03-06
|l 0
|o snkČSB 69/1/1903 D1
|p 17A0335687
|r 2005-01-02 00:00:00
|t č. 1-12, neúplné
|w 2026-02-21
|y PREZ
|z Je iba č. 12
|
| 952 |
|
|
|0 0
|1 0
|4 0
|7 0
|a SNK
|b SNK
|d 2002-03-06
|l 0
|o snkČSB 69/4/1906 D2
|p 17A0335736
|r 2005-01-02 00:00:00
|t č. 1-12, neúplné
|w 2026-02-21
|y PREZ
|z Je č. 2, 3, 4, 5, 6, 12
|
| 952 |
|
|
|0 0
|1 0
|3 rekatalogizácia
|4 0
|7 0
|8 5
|a SNK
|b SNK
|d 2007-01-30
|i snkF 2820/73
|l 0
|o snkČSB 69/6/1908 D1
|p 17A0536990
|r 2026-02-21 20:46:21
|t č. 1-12, neúplné
|w 2026-02-21
|y PREZ
|z Je iba č. 1, 2, 8
|
| 952 |
|
|
|0 0
|1 0
|3 rekatalogizácia
|4 0
|7 0
|8 1
|a SNK
|b SNK
|d 2008-03-18
|f 1
|i snkD 2474/71
|l 0
|o snkČSB 69/4/1906
|p 17A0579409
|r 2026-02-21 20:49:26
|t č. 1-12
|w 2026-02-21
|y PREZ
|
| 952 |
|
|
|0 0
|1 0
|4 0
|7 0
|8 5
|a SNK
|b SNK
|d 2014-04-24
|i snkF 2823/73
|l 0
|o snkČSB 69/11/1913 D2
|p 17A1075048
|r 2026-02-21 20:51:42
|t č. 1-12, neúplné
|w 2026-02-21
|y PREZ
|z Je č. 2, 3, 6
|
| 952 |
|
|
|0 0
|1 0
|4 0
|7 0
|a SNK
|b SNK
|d 2000-10-18
|f 1
|i snkIV. 447/49
|l 0
|o snkČSB 69/6/1908
|p 17A0254550
|r 2005-01-02 00:00:00
|t č. 1-12, neúplné
|w 2026-02-21
|y PREZ
|z obsahuje iba torzo č. 4 a č. 10
|
| 952 |
|
|
|0 0
|1 0
|4 0
|7 0
|8 5
|a SNK
|b SNK
|d 2002-11-22
|f 1
|i snkXI. 3851/55
|l 0
|o snkČSB 69/7/1909
|p 17A0364003
|r 2005-01-02 00:00:00
|t č. 1-12, neúplné
|w 2026-02-21
|y PREZ
|z ch. č. 1
|
| 952 |
|
|
|0 0
|1 0
|4 0
|7 0
|8 5
|a SNK
|b SNK
|d 2002-11-22
|f 1
|i snkXI. 3850/55
|l 0
|o snkČSB 69/8/1910
|p 17A0364821
|r 2005-01-02 00:00:00
|t č. 1-12
|w 2026-02-21
|y PREZ
|
| 952 |
|
|
|0 0
|1 0
|4 0
|7 0
|8 5
|a SNK
|b SNK
|d 2002-11-22
|f 1
|i snkF 2821/73
|l 0
|o snkČSB 69/10/1912
|p 17A0364203
|r 2005-01-02 00:00:00
|t č. 1-12, neúplné
|w 2026-02-21
|y PREZ
|z chýba č. 2, 3, 9, 10, 11
|
| 952 |
|
|
|0 0
|1 0
|4 0
|7 0
|a SNK
|b SNK
|d 2002-11-22
|l 0
|o snkČSB 69/11/1913 D1
|p 17A0364202
|r 2005-01-02 00:00:00
|t č. 1-12, neúplné
|w 2026-02-21
|y PREZ
|z iba č. 1
|
| 952 |
|
|
|0 0
|1 0
|4 0
|7 0
|a SNK
|b SNK
|d 2002-11-22
|f 1
|l 0
|o snkČSB 69/14/1919
|p 17A0364049
|r 2005-01-02 00:00:00
|t je č. 4, 12, 22
|w 2026-02-21
|y PREZ
|
| 952 |
|
|
|0 0
|1 0
|4 0
|7 0
|8 5
|a SNK
|b SNK
|d 2002-11-22
|f 1
|i snkF 3432/74
|l 0
|o snkČSB 69/15/1920
|p 17A0364201
|r 2005-01-02 00:00:00
|t je č. 1-2
|w 2026-02-21
|y PREZ
|
| 952 |
|
|
|0 0
|1 0
|4 0
|7 0
|a SNK
|b SNK
|d 2014-12-09
|i snkIV. 442/49
|l 0
|o snkČSB 69/2/1904 D1
|p 17A0870696
|r 2026-02-21 21:00:59
|t č. 1-15, neúplné
|w 2026-02-21
|y PREZ
|z obsahuje iba č. 10 ostatné čísla chýbajú
|
| 952 |
|
|
|0 0
|1 0
|4 0
|7 0
|8 5
|a SNK
|b SNK
|d 2002-02-14
|f 1
|i snkF 2869/73
|l 0
|o snkČSB 69/3/1905
|p 17A0333552
|r 2005-01-02 00:00:00
|t č. 1-12, neúplné
|w 2026-02-21
|y PREZ
|z Je iba č. 4, 5, 6, 8, 9, 11
|
| 952 |
|
|
|0 0
|1 0
|4 0
|7 0
|8 5
|a SNK
|b SNK
|d 2002-11-22
|f 1
|i snkF 1831/80
|l 0
|o snkČSB 69/13/1918
|p 17A0364016
|r 2005-01-02 00:00:00
|t je č. 1-2
|w 2026-02-21
|y PREZ
|z Je iba č. 1-2
|